| 000 | 00542nam a2200181 a 4500 | ||
|---|---|---|---|
| 001 | 000019797 | ||
| 005 | 20200929170137.0 | ||
| 008 | 100706s1966 pr a r 000 f spa d | ||
| 040 |
_aDO-SdBNP _bspa _cBNPHU |
||
| 082 |
_a863.3 _bL431to |
||
| 245 | 0 | 3 | _aEl lazarillo de Tormes. |
| 260 |
_aSan Juan, Puerto Rico : _bDepartamento de Instrucción Pública, _c1966. |
||
| 300 |
_a72 p. : _bil. ; _c21 cm. |
||
| 650 | 4 |
_aNovela española _91123 |
|
| 650 | 4 |
_aNovela picaresca española _942269 |
|
| 650 | 4 |
_aLiteratura española _9632 |
|
| 910 | _aWM | ||
| 999 |
_c19310 _d19310 |
||